Jak hledat zaměstnance v 21. století /
Gespeichert in:
| 1. Verfasser: | |
|---|---|
| Format: | Buch |
| Veröffentlicht: |
Praha
Grada
2019
|
| Ausgabe: | 1. vyd. |
| Schlagworte: | |
| Tags: |
Keine Tags, Fügen Sie das erste Tag hinzu!
|
MARC
| LEADER | 00000nam a22000003a 4500 | ||
|---|---|---|---|
| 001 | 0078764 | ||
| 003 | SK-STU | ||
| 005 | 20200131144334.3 | ||
| 007 | ta | ||
| 008 | 191218s ----xo-----e------000-0-----d | ||
| 020 | |a 978-80-271-0551-9 | ||
| 040 | |a STU |b slo | ||
| 100 | 1 | |a Tegze, Jan |4 aut | |
| 245 | 1 | 0 | |a Jak hledat zaměstnance v 21. století / |c aut. Jan Tegze |
| 250 | |a 1. vyd. | ||
| 260 | |a Praha |b Grada |c 2019 | ||
| 300 | |a 327 s. | ||
| 650 | 0 | 7 | |a personalistika |
| 650 | 0 | 7 | |a recruitment |
| 996 | |b 284M088285 |c M* 14288-1 |l MMKN |s A |a 24 |w 0078764_0001 | ||